[Event "XVI C.to Italiano U20"]
[Site "Bratto - Castione della Presolana ITA"]
[Date "2008.08.22"]
[Round "1"]
[White "Valsecchi, Alessio"]
[Black "Regorda, Massimiliano"]
[Result "1-0"]
[WhiteElo "2298"]
[BlackElo "1907"]
[PlyCount "51"]
[EventDate "2008.08.22"]

1. e4 e5 2. Nf3 Nc6 3. Bb5 a6 4. Ba4 Nf6 5. O-O d6 6. c3 b5 7. Bb3 Be7 8. h3
O-O 9. d4 Nxe4 10. Bd5 Nxf2 11. Rxf2 Bb7 12. Rf1 Bf6 13. Be3 Na5 14. Bxb7 Nxb7
15. Nbd2 Re8 16. dxe5 Bxe5 17. Nxe5 Rxe5 18. Qf3 Qe8 19. Bf4 Rb8 20. Bxe5 dxe5
21. Ne4 Nd6 22. Nxd6 cxd6 23. Rad1 Rd8 24. Qd5 Qe6 25. Qxe6 fxe6 26. Rfe1 1-0

[Event "XVI C.to Italiano U20"]
[Site "Bratto - Castione della Presolana ITA"]
[Date "2008.08.22"]
[Round "1"]
[White "Xia, Jie"]
[Black "Coladangelo, Andrea"]
[Result "0-1"]
[WhiteElo "2181"]
[BlackElo "1866"]
[PlyCount "88"]
[EventDate "2008.08.22"]

1. e4 c5 2. Nf3 d6 3. Nc3 Nc6 4. Bb5 Bd7 5. Bxc6 bxc6 6. d4 cxd4 7. Qxd4 e5 8.
Qd3 Be7 9. O-O Nf6 10. Bg5 Qc7 11. Rad1 Rb8 12. Nd2 Be6 13. b3 Rd8 14. Rfe1 O-O
15. Nc4 Ne8 16. Bxe7 Qxe7 17. Nxe5 Qc7 18. Nf3 Nf6 19. Ne2 d5 20. e5 Ne4 21.
Ng3 Nxg3 22. hxg3 h6 23. Qe3 c5 24. Qf4 Qd7 25. c4 d4 26. Nd2 Bf5 27. Ne4 Bxe4
28. Qxe4 Rfe8 29. Rd3 f5 30. Qe2 Re6 31. f4 a5 32. g4 fxg4 33. f5 Ra6 34. Qxg4
Rf8 35. Rf1 Kh8 36. Qf4 a4 37. Rh3 axb3 38. f6 bxa2 39. Rxh6+ gxh6 40. Qxh6+
Kg8 41. Qg6+ Kh8 42. Rf5 a1=Q+ 43. Kh2 Ra7 44. f7 Qxf7 0-1

[Event "XVI C.to Italiano U20"]
[Site "Bratto - Castione della Presolana ITA"]
[Date "2008.08.22"]
[Round "1"]
[White "Zanchetta, Nicola"]
[Black "Locci, Damiano"]
[Result "0-1"]
[WhiteElo "1777"]
[BlackElo "2094"]
[PlyCount "120"]
[EventDate "2008.08.22"]

1. d4 d5 2. a3 g6 3. Nf3 Bg7 4. Bf4 Nf6 5. e3 c6 6. c4 Nbd7 7. Nc3 O-O 8. c5
Re8 9. Be2 h6 10. Bg3 Nh7 11. Ne5 Nhf8 12. b4 f6 13. Nxd7 Bxd7 14. f4 e5 15.
fxe5 fxe5 16. O-O Qg5 17. Rf3 Bg4 18. h4 Qe7 19. Rxf8+ Rxf8 20. Bxg4 exd4 21.
Qd3 dxc3 22. Re1 Qf6 23. Bf3 Rae8 24. Rf1 Qf5 25. Qe2 Qe6 26. Bf2 h5 27. b5 Qe7
28. bxc6 bxc6 29. Qc2 Qe6 30. Qa4 Be5 31. Rd1 Rxf3 32. gxf3 Rf8 33. Kg2 Qf5 34.
f4 Qg4+ 35. Bg3 Qe2+ 36. Bf2 d4 37. Re1 Qg4+ 38. Bg3 Bf6 39. exd4 Bxh4 40. Qc4+
Kh7 41. Qxc3 Rxf4 42. Re3 Bxg3 43. Re7+ Kh6 44. Qxg3 Rxd4 45. Qxg4 Rxg4+ 46.
Kf3 Rc4 47. Rxa7 Kg5 48. a4 Rc3+ 49. Kf2 Kg4 50. a5 Rxc5 51. a6 Ra5 52. Ra8 g5
53. a7 h4 54. Ke3 h3 55. Kf2 h2 56. Rh8 Rxa7 57. Kg2 Ra2+ 58. Kh1 Ra1+ 59. Kxh2
Ra2+ 60. Kh1 Kg3 0-1

[Event "XVI C.to Italiano U20"]
[Site "Bratto - Castione della Presolana ITA"]
[Date "2008.08.23"]
[Round "2"]
[White "Altini, Nicola"]
[Black "Stella, Andrea"]
[Result "0-1"]
[WhiteElo "2007"]
[BlackElo "2209"]
[PlyCount "60"]
[EventDate "2008.08.22"]

1. e4 e6 2. d3 d5 3. Nd2 Nf6 4. Ngf3 Bc5 5. e5 Nfd7 6. d4 Bb6 7. c3 c5 8. Nb3
Nc6 9. Be2 cxd4 10. cxd4 f6 11. exf6 Qxf6 12. O-O O-O 13. Be3 Kh8 14. Qd2 a5
15. a4 Bc7 16. Bg5 Qg6 17. Bh4 Bf4 18. Qd3 Qxd3 19. Bxd3 e5 20. dxe5 Ndxe5 21.
Be2 Nc4 22. Bxc4 dxc4 23. Nbd4 Nxd4 24. Nxd4 Be5 25. Rfd1 Bd7 26. Bg3 Bf6 27.
f3 Rfd8 28. Bf2 Be8 29. Kf1 Bg6 30. Rd2 Bd3+ 0-1

[Event "XVI C.to Italiano U20"]
[Site "Bratto - Castione della Presolana ITA"]
[Date "2008.08.23"]
[Round "2"]
[White "Caldonazzo, Matteo"]
[Black "Rombaldoni, Axel"]
[Result "0-1"]
[WhiteElo "1515"]
[BlackElo "2374"]
[PlyCount "78"]
[EventDate "2008.08.22"]

1. d4 Nf6 2. c4 g6 3. Nc3 Bg7 4. e4 d6 5. Nf3 O-O 6. Be2 e5 7. h3 Nc6 8. d5 Ne7
9. O-O a5 10. Be3 Ne8 11. Qd2 f5 12. Bh6 f4 13. Bxg7 Kxg7 14. c5 Ng8 15. cxd6
cxd6 16. Nh2 h5 17. Rfc1 Ngf6 18. Nf3 Nh7 19. Nh2 Nef6 20. Qd1 Kh6 21. a4 g5
22. f3 Rg8 23. Qe1 Bd7 24. Nb5 Bxb5 25. Bxb5 Qb6+ 26. Kh1 Nf8 27. Qd2 g4 28.
hxg4 hxg4 29. g3 gxf3 30. Nxf3 Rxg3 31. Rg1 Nxe4 32. Rxg3 Nxg3+ 33. Kg2 Ng6 34.
Bd3 Rg8 35. Bxg6 Rxg6 36. Rh1+ Nxh1+ 37. Kxh1 Qe3 38. Qh2+ Kg7 39. Nh4 Qe1+ 0-1

[Event "XVI C.to Italiano U20"]
[Site "Bratto - Castione della Presolana ITA"]
[Date "2008.08.23"]
[Round "2"]
[White "Codenotti, Marco"]
[Black "Valsecchi, Alessio"]
[Result "1/2-1/2"]
[WhiteElo "2055"]
[BlackElo "2298"]
[PlyCount "119"]
[EventDate "2008.08.22"]

1. e4 e5 2. Nf3 Nc6 3. Bb5 a6 4. Bxc6 dxc6 5. O-O Qd6 6. Na3 b5 7. c3 Bg4 8. d4
O-O-O 9. Be3 f5 10. Bg5 fxe4 11. Bxd8 Qxd8 12. h3 Bh5 13. g4 Bxa3 14. Nxe5 Bxb2
15. gxh5 Bxa1 16. Qg4+ Kb7 17. Qxe4 Qd5 18. Qxd5 cxd5 19. Rxa1 Nf6 20. h6 gxh6
21. f3 Rf8 22. Kg2 Nh5 23. Nd3 Nf4+ 24. Nxf4 Rxf4 25. Re1 Rf6 26. Re5 Rc6 27.
Re3 a5 28. f4 Kc8 29. Kf3 Kd7 30. f5 b4 31. cxb4 axb4 32. a3 Rc4 33. axb4 Rxd4
34. f6 Rxb4 35. Re7+ Kd6 36. Rxh7 c5 37. Ra7 Ke6 38. f7 Rb8 39. Ke3 Rb3+ 40.
Ke2 Rb8 41. Ke3 Rc8 42. Rc7 Rd8 43. Rxc5 Kxf7 44. Kd4 Ke6 45. Rc1 Kf5 46. Rf1+
Kg5 47. Rf3 h5 48. Re3 Kf4 49. Re7 Ra8 50. Kxd5 Ra4 51. Rb7 h4 52. Rb3 Ra8 53.
Kd4 Rg8 54. Ra3 Rg3 55. Rd3 Rg7 56. Ra3 Rd7+ 57. Kc5 Rd1 58. Rb3 Rg1 59. Kd4
Rg3 60. Rd3 1/2-1/2

[Event "XVI C.to Italiano U20"]
[Site "Bratto - Castione della Presolana ITA"]
[Date "2008.08.23"]
[Round "2"]
[White "Cuppone, Damiano"]
[Black "Pulcini, Giorgio"]
[Result "1/2-1/2"]
[WhiteElo "1921"]
[BlackElo "1676"]
[PlyCount "59"]
[EventDate "2008.08.22"]

1. d4 d5 2. c4 e6 3. Nc3 Nf6 4. cxd5 Nxd5 5. e4 Nxc3 6. bxc3 c5 7. Nf3 cxd4 8.
cxd4 Qa5+ 9. Bd2 Bb4 10. Rb1 Bxd2+ 11. Qxd2 Qxd2+ 12. Kxd2 b6 13. Bb5+ Bd7 14.
a4 O-O 15. Rhc1 Bxb5 16. axb5 Nd7 17. Rc7 Nf6 18. Kd3 Rfc8 19. Rbc1 Rxc7 20.
Rxc7 Ne8 21. Rb7 Nd6 22. Rd7 Nxb5 23. Ne5 a5 24. Kc4 a4 25. Nd3 Na3+ 26. Kc3 g6
27. Nb4 Nb1+ 28. Kc2 Na3+ 29. Kc3 Nb1+ 30. Kc2 1/2-1/2

[Event "XVI C.to Italiano U20"]
[Site "Bratto - Castione della Presolana ITA"]
[Date "2008.08.23"]
[Round "2"]
[White "Dvirnyy, Danyyil"]
[Black "Piccirillo, Edoardo"]
[Result "1-0"]
[WhiteElo "2358"]
[BlackElo "2111"]
[PlyCount "51"]
[EventDate "2008.08.22"]

1. e4 c6 2. d4 d5 3. Nd2 dxe4 4. Nxe4 Nd7 5. Nf3 Ngf6 6. Nc3 e6 7. Bd3 c5 8.
Be3 Be7 9. O-O O-O 10. Qe2 a6 11. Rad1 Qc7 12. Ng5 h6 13. Nge4 cxd4 14. Bxd4
Qa5 15. f4 Qb4 16. Bc4 b5 17. Bb3 Bb7 18. a3 Qa5 19. f5 exf5 20. Rxf5 Rae8 21.
Qd3 Qc7 22. Rdf1 Bd8 23. Nxf6+ Nxf6 24. Rxf6 Bxf6 25. Rxf6 gxf6 26. Qg6+ 1-0

[Event "XVI C.to Italiano U20"]
[Site "Bratto - Castione della Presolana ITA"]
[Date "2008.08.23"]
[Round "2"]
[White "Gallana, Marco"]
[Black "Laudisa, Antonio"]
[Result "1-0"]
[WhiteElo "1960"]
[BlackElo "1646"]
[PlyCount "45"]
[EventDate "2008.08.22"]

1. d4 Nf6 2. c4 e5 3. dxe5 Ng4 4. Nf3 Bc5 5. e3 Nc6 6. Bd2 Ngxe5 7. Bc3 Qe7 8.
Nxe5 Nxe5 9. Be2 d6 10. Qc2 Be6 11. b4 Bxe3 12. fxe3 Nxc4 13. Bxc4 Bxc4 14. Bd4
Bd5 15. O-O Be4 16. Qc3 Rc8 17. Nd2 c5 18. Nxe4 Qxe4 19. bxc5 dxc5 20. Rf4 Qc6
21. Bxg7 Rg8 22. Qe5+ Qe6 23. Raf1 1-0

[Event "XVI C.to Italiano U20"]
[Site "Bratto - Castione della Presolana ITA"]
[Date "2008.08.23"]
[Round "2"]
[White "Gonella, Daniele"]
[Black "Cantu', Guido"]
[Result "0-1"]
[WhiteElo "1739"]
[BlackElo "1896"]
[PlyCount "108"]
[EventDate "2008.08.22"]

1. e4 c5 2. Nf3 d6 3. d4 cxd4 4. Nxd4 Nf6 5. Nc3 a6 6. Be3 e5 7. Nb3 Be6 8. f3
Nbd7 9. Qd2 b5 10. O-O-O Be7 11. g4 Nb6 12. Bxb6 Qxb6 13. h4 Rc8 14. Rh2 O-O
15. Bd3 Rc6 16. Qf2 Qc7 17. Nd5 Nxd5 18. exd5 Bxd5 19. Bxh7+ Kxh7 20. Rxd5 Rc8
21. Rd2 a5 22. Kb1 a4 23. Nc1 a3 24. bxa3 Qa5 25. Qe2 Rc3 26. Rd3 Qxa3 27. Rxc3
Rxc3 28. Nb3 b4 29. Qe4+ Kg8 30. g5 Qa7 31. Re2 Qg1+ 32. Re1 Qf2 33. Rc1 Rxf3
34. Qxb4 Rf4 35. Qb8+ Bf8 36. h5 e4 37. a4 e3 38. a5 e2 39. Qe8 Rf5 40. g6 Re5
41. gxf7+ Qxf7 42. Qxf7+ Kxf7 43. Re1 Be7 44. a6 Bh4 45. a7 Bxe1 46. a8=Q Bh4
47. Qb7+ Be7 48. Qf3+ Bf6 49. Qb7+ Re7 50. Qd5+ Kf8 51. Qxd6 e1=Q+ 52. Ka2 Qe5
53. Qa3 Kg8 54. Kb1 Ra7 0-1

[Event "XVI C.to Italiano U20"]
[Site "Bratto - Castione della Presolana ITA"]
[Date "2008.08.23"]
[Round "2"]
[White "Grandinetti, Pietro"]
[Black "Cinque, Antonio"]
[Result "1-0"]
[WhiteElo "2011"]
[BlackElo "1867"]
[PlyCount "69"]
[EventDate "2008.08.22"]

1. e4 e6 2. d4 d5 3. Nc3 dxe4 4. Nxe4 Nd7 5. Nf3 Ngf6 6. Ng3 Be7 7. Bd3 O-O 8.
O-O b6 9. b3 Bb7 10. c4 c5 11. Bb2 Qc7 12. Qe2 Rfd8 13. Rad1 Nf8 14. Rfe1 Bxf3
15. Qxf3 cxd4 16. Bxd4 Rac8 17. Be5 Qc6 18. Qe2 Ng6 19. Bxg6 hxg6 20. Bb2 Nd7
21. Ne4 Nc5 22. Nc3 a6 23. Nd5 Bd6 24. Nb4 Qc7 25. g3 a5 26. Nd3 Na6 27. Ne5
Nb4 28. Nxg6 Nxa2 29. Qg4 f5 30. Qh5 e5 31. Rxd6 Qxd6 32. Bxe5 Qb4 33. Qh8+ Kf7
34. Qxg7+ Ke8 35. Bc3+ 1-0

[Event "XVI C.to Italiano U20"]
[Site "Bratto - Castione della Presolana ITA"]
[Date "2008.08.23"]
[Round "2"]
[White "Lapenna, Antonio"]
[Black "Coladangelo, Andrea"]
[Result "1-0"]
[WhiteElo "2118"]
[BlackElo "1866"]
[PlyCount "77"]
[EventDate "2008.08.22"]

1. e4 c5 2. Nf3 d6 3. d4 cxd4 4. Nxd4 Nf6 5. Nc3 a6 6. Be2 e5 7. Nb3 Be7 8. O-O
O-O 9. Be3 Be6 10. f4 Qc7 11. f5 Bc4 12. Nd2 d5 13. exd5 Bxd5 14. Bf3 Bxf3 15.
Qxf3 Bc5 16. Nde4 Nxe4 17. Nxe4 Bxe3+ 18. Qxe3 f6 19. Nc5 Qb6 20. Qb3+ Qxb3 21.
axb3 Rc8 22. b4 b6 23. Ne6 Nc6 24. c3 Nd8 25. Rfd1 a5 26. bxa5 bxa5 27. Rd5
Nxe6 28. fxe6 a4 29. Rb5 Kf8 30. Rb7 Rab8 31. Rf7+ Kg8 32. Rxa4 Rxb2 33. Rc7
Rd8 34. Rd7 Re8 35. Raa7 f5 36. Rxg7+ Kh8 37. Rxh7+ Kg8 38. Rag7+ Kf8 39. e7+
1-0

[Event "XVI C.to Italiano U20"]
[Site "Bratto - Castione della Presolana ITA"]
[Date "2008.08.23"]
[Round "2"]
[White "Lettieri, Giuseppe"]
[Black "Bellemo, Davide"]
[Result "1-0"]
[WhiteElo "2322"]
[BlackElo "2055"]
[PlyCount "35"]
[EventDate "2008.08.22"]

1. d4 d5 2. Bg5 Nf6 3. Bxf6 exf6 4. e3 g6 5. c4 c6 6. Nc3 dxc4 7. Bxc4 Bg7 8.
Nge2 O-O 9. O-O Be6 10. Qb3 Bxc4 11. Qxc4 Nd7 12. b4 Rc8 13. Qb3 f5 14. Na4 Nf6
15. Rac1 Qe7 16. Rc2 Nd5 17. Nc5 Rfd8 18. Rfc1 1-0

[Event "XVI C.to Italiano U20"]
[Site "Bratto - Castione della Presolana ITA"]
[Date "2008.08.23"]
[Round "2"]
[White "Locci, Damiano"]
[Black "Bonafede, Alessandro"]
[Result "1/2-1/2"]
[WhiteElo "2094"]
[BlackElo "2329"]
[PlyCount "120"]
[EventDate "2008.08.22"]

1. e4 c5 2. Nf3 Nc6 3. Bb5 g6 4. c3 Bg7 5. O-O Nf6 6. Re1 O-O 7. d3 Qb6 8. Ba4
d5 9. Nbd2 h6 10. h3 Be6 11. Bc2 Rfd8 12. Qe2 Rac8 13. Nb3 d4 14. c4 Nd7 15.
Nh4 Bf6 16. Nf3 g5 17. Nh2 Kh7 18. Qh5 Rg8 19. h4 Qc7 20. Nf3 Rg6 21. hxg5 Nde5
22. Nxe5 Bxe5 23. Rf1 Bf4 24. Bxf4 Qxf4 25. Qh2 Qxh2+ 26. Kxh2 hxg5 27. f3 b6
28. Kg3 Kg7 29. Rh1 f6 30. a4 a5 31. Nd2 Ne5 32. Rae1 Nf7 33. Kf2 Rh8 34. Rxh8
Nxh8 35. Rh1 Rh6 36. Rxh6 Kxh6 37. g4 Ng6 38. Nf1 Ne5 39. b3 Bd7 40. Ng3 e6 41.
Ne2 f5 42. Kg3 Kg6 43. Ng1 Kf6 44. Nh3 Ng6 45. Bb1 fxg4 46. fxg4 Nf4 47. Ng1
Bc6 48. Kf3 Ng6 49. Bc2 Ne7 50. Nh3 Bd7 51. Nf2 Nc6 52. Bb1 Ne5+ 53. Kg3 Nf7
54. Kf3 Ke5 55. Nh3 Kf6 56. Nf2 Nh8 57. Bc2 Ng6 58. Bb1 Nf4 59. Bc2 Be8 60. Bb1
Bg6 1/2-1/2

[Event "XVI C.to Italiano U20"]
[Site "Bratto - Castione della Presolana ITA"]
[Date "2008.08.23"]
[Round "2"]
[White "Mandelli, Giacomo"]
[Black "Franciosi, Fausto"]
[Result "1-0"]
[WhiteElo "1602"]
[BlackElo "1850"]
[PlyCount "66"]
[EventDate "2008.08.22"]

1. e4 d6 2. d4 Nf6 3. Nc3 e5 4. dxe5 dxe5 5. Qxd8+ Kxd8 6. Bg5 c6 7. O-O-O+ Kc7
8. Bc4 Be6 9. Bxe6 fxe6 10. Nf3 Nbd7 11. Bh4 h6 12. Bg3 Bd6 13. Rd2 Rhg8 14.
Rhd1 Ne8 15. Nd4 exd4 16. Bxd6+ Nxd6 17. Rxd4 Rad8 18. Rxd6 Rge8 19. Ne2 Ne5
20. Rxd8 Rxd8 21. Rxd8 Kxd8 22. h3 g5 23. Kd2 Ke7 24. b3 Nf7 25. Ke3 e5 26. g3
Kd6 27. f4 a6 28. Ng1 c5 29. Nf3 b5 30. fxe5+ Nxe5 31. Nxe5 Kxe5 32. c3 h5 33.
h4 g4 1-0

[Event "XVI C.to Italiano U20"]
[Site "Bratto - Castione della Presolana ITA"]
[Date "2008.08.23"]
[Round "2"]
[White "Piccoli, Vincenzo"]
[Black "Marincolo, Piercarlo"]
[Result "0-1"]
[WhiteElo "1932"]
[BlackElo "1945"]
[PlyCount "100"]
[EventDate "2008.08.22"]

1. e4 e5 2. Nf3 Nf6 3. Nxe5 d6 4. Nf3 Nxe4 5. Nc3 Nxc3 6. dxc3 Be7 7. Bf4 O-O
8. Qd2 Nc6 9. O-O-O Be6 10. Kb1 Rb8 11. Bd3 b5 12. Ng5 Bxg5 13. Bxg5 f6 14. Be3
a5 15. Be4 Ne7 16. Qe2 Qd7 17. Rhe1 Bxa2+ 18. Ka1 Bc4 19. Qf3 b4 20. Bd4 Qa4+
21. Kb1 Rb5 22. Bxh7+ Kh8 23. Qh3 Qa2+ 24. Kc1 Ng8 25. Bd3+ Nh6 26. Bxc4 Qxc4
27. Be3 Qg4 28. Bxh6 Qxh3 29. Bxg7+ Kxg7 30. gxh3 bxc3 31. Re7+ Rf7 32. Rg1+
Kf8 33. Rxf7+ Kxf7 34. bxc3 Rf5 35. Rg2 Rf3 36. Kb2 Rxh3 37. f4 Ke6 38. Rg7 c5
39. Ra7 Rxh2 40. Rxa5 Rf2 41. Ra4 f5 42. Rc4 Re2 43. Ra4 Re4 44. Kb3 Rxa4 45.
Kxa4 Kd5 46. Kb5 Ke4 47. Kc6 Kxf4 48. Kxd6 Ke3 49. c4 f4 50. Kxc5 50... f3 {...
} 0-1

[Event "XVI C.to Italiano U20"]
[Site "Bratto - Castione della Presolana ITA"]
[Date "2008.08.23"]
[Round "2"]
[White "Pomaro, Alberto"]
[Black "Andreoni, Giuseppe"]
[Result "1-0"]
[WhiteElo "2246"]
[BlackElo "1993"]
[PlyCount "44"]
[EventDate "2008.08.22"]

1. e4 c6 2. d4 d5 3. e5 Bf5 4. Nf3 e6 5. Be2 Nd7 6. O-O Ne7 7. c3 Ng6 8. Be3
Be7 9. Ne1 f6 10. Nd2 fxe5 11. g4 e4 12. gxf5 exf5 13. Ng2 Bd6 14. f4 Ne7 15.
c4 h6 16. Bf2 g5 17. c5 Bxf4 18. Bh5+ Kf8 19. Nxf4 gxf4 20. Bh4 Qc7 21. Kh1 Rg8
22. Qe2 f3 1-0

[Event "XVI C.to Italiano U20"]
[Site "Bratto - Castione della Presolana ITA"]
[Date "2008.08.23"]
[Round "2"]
[White "Regorda, Massimiliano"]
[Black "Serri, Cristiano"]
[Result "1-0"]
[WhiteElo "1907"]
[BlackElo "1542"]
[PlyCount "99"]
[EventDate "2008.08.22"]

1. e4 c5 2. Nf3 d6 3. Bb5+ Nd7 4. O-O a6 5. Bxd7+ Bxd7 6. d4 cxd4 7. Nxd4 Nf6
8. Nc3 e5 9. Nf3 Be7 10. Bg5 Bc6 11. Bxf6 Bxf6 12. Nd5 O-O 13. Qd2 Bxd5 14.
Qxd5 Qd7 15. Rfd1 Rfd8 16. Rd3 Rac8 17. c3 Rc5 18. Qb3 b5 19. Rad1 Qc6 20. Rd5
Kf8 21. Rxc5 Qxc5 22. Rd5 Qc6 23. Qb4 h6 24. Nxe5 Bxe5 25. Rxe5 Re8 26. Rxe8+
Kxe8 27. Qd4 Ke7 28. e5 dxe5 29. Qxe5+ Qe6 30. Qxe6+ Kxe6 31. Kf1 Kd5 32. b3 f5
33. Ke2 g5 34. Kd3 h5 35. g3 Ke5 36. Ke3 f4+ 37. gxf4+ gxf4+ 38. Kf3 a5 39. c4
bxc4 40. bxc4 Kd4 41. Kxf4 Kxc4 42. Kg5 Kb4 43. f4 Ka3 44. f5 Kxa2 45. f6 Kb2
46. f7 a4 47. f8=Q a3 48. Qxa3+ Kxa3 49. Kxh5 Kb4 50. Kg6 1-0

[Event "XVI C.to Italiano U20"]
[Site "Bratto - Castione della Presolana ITA"]
[Date "2008.08.23"]
[Round "2"]
[White "Rizza, Francesco"]
[Black "Marsili, Riccardo"]
[Result "1/2-1/2"]
[WhiteElo "1924"]
[BlackElo "1817"]
[PlyCount "51"]
[EventDate "2008.08.22"]

1. d4 Nf6 2. c4 c5 3. d5 e5 4. Nc3 d6 5. e4 Be7 6. Bd3 Nbd7 7. Nge2 Nf8 8. f4
exf4 9. Bxf4 Ng6 10. Bg3 Nh5 11. Bf2 Nhf4 12. Nxf4 Nxf4 13. O-O Ng6 14. Ne2 O-O
15. Ng3 Bf6 16. Rb1 Ne5 17. b4 Ng4 18. Kh1 b6 19. Bg1 Be5 20. Be2 Qh4 21. Rb3
cxb4 22. Nf5 Bxf5 23. Rxf5 Nf6 24. Rh3 Qxe4 25. Bd3 Qg4 26. Rxf6 1/2-1/2

[Event "XVI C.to Italiano U20"]
[Site "Bratto - Castione della Presolana ITA"]
[Date "2008.08.23"]
[Round "2"]
[White "Rombaldoni, Brian"]
[Black "Zanchetta, Nicola"]
[Result "1-0"]
[WhiteElo "1797"]
[BlackElo "1777"]
[PlyCount "92"]
[EventDate "2008.08.22"]

1. d4 f5 2. Nf3 Nf6 3. Bf4 e6 4. e3 d5 5. c4 c6 6. Be2 Be7 7. O-O O-O 8. a3
Nbd7 9. Ng5 Nb8 10. b4 h6 11. Nf3 Ne4 12. h3 Nd7 13. b5 Bf6 14. a4 a5 15. bxa6
bxa6 16. a5 Rb8 17. Bxb8 Nxb8 18. Qb3 Nd7 19. Nc3 g5 20. Nxe4 fxe4 21. Nh2 Bg7
22. Ra2 Kh8 23. f3 Nf6 24. Qb6 Qd7 25. c5 Nh5 26. Rb1 e5 27. dxe5 Bxe5 28. f4
Nxf4 29. exf4 gxf4 30. Bg4 Qg7 31. Bxc8 Rxc8 32. Qb7 Rc7 33. Qb3 Rf7 34. Ng4
Bd4+ 35. Kh1 f3 36. gxf3 Rxf3 37. Qb8+ Kh7 38. Rb7 Rf7 39. Rxf7 Qxf7 40. Qg3 h5
41. Ne5 Qf6 42. Nd7 Qf1+ 43. Kh2 Qf5 44. Rg2 Kh6 45. Qd6+ Kh7 46. Nf8+ Qxf8 1-0

[Event "XVI C.to Italiano U20"]
[Site "Bratto - Castione della Presolana ITA"]
[Date "2008.08.23"]
[Round "2"]
[White "Sellitti, Federico"]
[Black "Delledonne, Francesco"]
[Result "1-0"]
[WhiteElo "2158"]
[BlackElo "1943"]
[PlyCount "67"]
[EventDate "2008.08.22"]

1. e4 c5 2. Nf3 d6 3. d4 cxd4 4. Nxd4 Nf6 5. Nc3 a6 6. Bg5 e6 7. f4 Qc7 8. Qf3
b5 9. a3 Nbd7 10. O-O-O Be7 11. g4 Rb8 12. Bxf6 Bxf6 13. g5 Be7 14. h4 O-O 15.
h5 b4 16. axb4 Rxb4 17. g6 Nc5 18. h6 fxg6 19. hxg7 Rf7 20. f5 Bg5+ 21. Kb1 Qb7
22. Nb3 Nxb3 23. cxb3 Rxg7 24. Bc4 Rxc4 25. bxc4 exf5 26. Qg3 Bf6 27. Ka1 Be5
28. Qd3 fxe4 29. Qxe4 Bf5 30. Qh4 Qe7 31. Qxe7 Rxe7 32. Nd5 Rb7 33. Rd2 Be4 34.
Rh3 1-0

[Event "XVI C.to Italiano U20"]
[Site "Bratto - Castione della Presolana ITA"]
[Date "2008.08.23"]
[Round "2"]
[White "Sfera, Mattia"]
[Black "Capito', Mario"]
[Result "1-0"]
[WhiteElo "1893"]
[BlackElo "1455"]
[PlyCount "57"]
[EventDate "2008.08.22"]

1. e4 c5 2. Nf3 Nc6 3. d4 cxd4 4. Nxd4 e5 5. Nb5 a6 6. Nd6+ Bxd6 7. Qxd6 Qf6 8.
Qd1 Nge7 9. Nc3 O-O 10. Be2 d6 11. O-O Bd7 12. f4 Nd4 13. Kh1 Nxe2 14. Qxe2 Bc6
15. fxe5 Qxe5 16. Bf4 Qe6 17. Rad1 Rad8 18. Rd3 Rd7 19. Rfd1 Rfd8 20. Re3 Ng6
21. Bg3 Ne5 22. Nd5 f6 23. b3 Ng4 24. Nf4 Qe8 25. Qxg4 Bxe4 26. Qe6+ Qxe6 27.
Nxe6 Bxg2+ 28. Kxg2 Re8 29. Rxd6 1-0

[Event "XVI C.to Italiano U20"]
[Site "Bratto - Castione della Presolana ITA"]
[Date "2008.08.23"]
[Round "2"]
[White "Xia, Jie"]
[Black "Guidi, Giacomo"]
[Result "1-0"]
[WhiteElo "2181"]
[BlackElo "1526"]
[PlyCount "59"]
[EventDate "2008.08.22"]

1. e4 d5 2. d4 dxe4 3. Nc3 Nf6 4. Bc4 Bg4 5. f3 exf3 6. Nxf3 e6 7. Bg5 Be7 8.
Qd2 Bxf3 9. gxf3 c6 10. O-O-O Qa5 11. Kb1 Nbd7 12. Qe3 Nb6 13. Bxe6 fxe6 14.
Bxf6 Bxf6 15. Qxe6+ Kd8 16. d5 Bxc3 17. dxc6+ Kc7 18. Qe7+ Kxc6 19. Rd6+ Kb5
20. bxc3 Rac8 21. Rhd1 Qxc3 22. Qxb7 Qxc2+ 23. Ka1 Qc3+ 24. Kb1 Qc2+ 25. Ka1
Rhd8 26. R1d5+ Rc5 27. Qc6+ Kb4 28. Rxc5 Qxc5 29. Qxc5+ Kxc5 30. Rxd8 1-0

[Event "XVI C.to Italiano U20"]
[Site "Bratto - Castione della Presolana ITA"]
[Date "2008.08.24"]
[Round "3"]
[White "Andreoni, Giuseppe"]
[Black "Rombaldoni, Brian"]
[Result "1-0"]
[WhiteElo "1993"]
[BlackElo "1797"]
[PlyCount "45"]
[EventDate "2008.08.22"]

1. e4 c6 2. d4 d5 3. Nd2 dxe4 4. Nxe4 Nd7 5. Nf3 Ngf6 6. Nc3 e6 7. Bd3 Be7 8.
Qe2 O-O 9. O-O c5 10. Be3 a6 11. Rad1 Qc7 12. Ng5 b5 13. d5 exd5 14. Nxd5 Qe5
15. f4 Qd6 16. Nxf6+ Qxf6 17. Bxh7+ Kh8 18. Be4 Rb8 19. Qh5+ Qh6 20. Nxf7+ Rxf7
21. Qxf7 Qf6 22. Qh5+ Qh6 23. Qe8+ 1-0

[Event "XVI C.to Italiano U20"]
[Site "Bratto - Castione della Presolana ITA"]
[Date "2008.08.24"]
[Round "3"]
[White "Bellemo, Davide"]
[Black "Ghedin, Emanuele"]
[Result "1-0"]
[WhiteElo "2055"]
[BlackElo "1824"]
[PlyCount "119"]
[EventDate "2008.08.22"]

1. d4 Nf6 2. c4 e6 3. Nf3 Bb4+ 4. Bd2 Qe7 5. Nc3 Bxc3 6. Bxc3 Ne4 7. Qc2 Nxc3
8. Qxc3 d5 9. e3 O-O 10. Bd3 b6 11. Rc1 dxc4 12. Be4 c6 13. Qxc4 Bb7 14. Qc2 f5
15. Bd3 Na6 16. a3 c5 17. Qe2 Nc7 18. dxc5 bxc5 19. O-O e5 20. e4 Ne6 21. exf5
Nd4 22. Nxd4 cxd4 23. f3 Rf6 24. Rfe1 Re8 25. b4 Rc6 26. Rxc6 Bxc6 27. Bc4+ Kh8
28. Bb5 Qd7 29. Bxc6 Qxc6 30. Qe4 Qc3 31. f4 d3 32. Rd1 d2 33. Qe2 e4 34. Rxd2
Qxa3 35. Rd4 e3 36. g3 h6 37. Kg2 Qc3 38. Rd1 Qxb4 39. Rf1 Qd2 40. Kf3 Qxe2+
41. Kxe2 Kg8 42. Ra1 Re7 43. Ra3 Kf7 44. Rxe3 Rxe3+ 45. Kxe3 Ke7 46. Kd4 Kd6
47. g4 a5 48. h4 a4 49. g5 a3 50. Kc3 a2 51. Kb2 hxg5 52. hxg5 a1=Q+ 53. Kxa1
Ke7 54. Kb2 Kf7 55. Kc3 Ke7 56. Kd4 Ke8 57. Ke5 Ke7 58. g6 Kf8 59. f6 Kg8 60.
fxg7 1-0

[Event "XVI C.to Italiano U20"]
[Site "Bratto - Castione della Presolana ITA"]
[Date "2008.08.24"]
[Round "3"]
[White "Bonafede, Alessandro"]
[Black "Codenotti, Marco"]
[Result "1-0"]
[WhiteElo "2329"]
[BlackElo "2055"]
[PlyCount "121"]
[EventDate "2008.08.22"]

1. e4 d6 2. d4 Nf6 3. Nc3 g6 4. Bg5 Bg7 5. Qd2 O-O 6. h3 c6 7. f4 b5 8. Bd3 Bb7
9. Nf3 b4 10. Ne2 c5 11. d5 c4 12. Bxf6 Bxf6 13. Bxc4 Qc7 14. Bd3 Bxb2 15. Rb1
Bg7 16. Qxb4 Ba6 17. O-O Bxd3 18. cxd3 Na6 19. Qb7 Qxb7 20. Rxb7 Nc5 21. Rxe7
Bf6 22. Rc7 Bd8 23. Rc6 Nxd3 24. Rxd6 Bc7 25. Rc6 Bb6+ 26. Kh2 Rae8 27. e5 Nb4
28. Rd6 Nxa2 29. Rb1 Rc8 30. Rc6 Rxc6 31. dxc6 Ba5 32. Ra1 Nc3 33. Nxc3 Bxc3
34. Rxa7 f5 35. exf6 Bxf6 36. Ne5 Rc8 37. c7 Be7 38. Nc4 Bc5 39. Rb7 Kf7 40.
Kg3 Ke6 41. Kg4 Kd5 42. Ne5 Bd6 43. Kg5 Rxc7 44. Rxc7 Bxc7 45. Kh6 Ke4 46. g3
Kf5 47. Kxh7 g5 48. fxg5 Kxg5 49. Nf7+ Kh5 50. g4+ Kh4 51. g5 Ba5 52. Kg6 Bc3
53. Nd6 Kxh3 54. Ne4 Bb2 55. Kf5 Kh4 56. Nf6 Bc1 57. g6 Bh6 58. Ke6 Kg5 59. Kf7
Kf5 60. Ng8 Bf8 61. Ne7+ 1-0

[Event "XVI C.to Italiano U20"]
[Site "Bratto - Castione della Presolana ITA"]
[Date "2008.08.24"]
[Round "3"]
[White "Cantu', Guido"]
[Black "Grandinetti, Pietro"]
[Result "0-1"]
[WhiteElo "1896"]
[BlackElo "2011"]
[PlyCount "52"]
[EventDate "2008.08.22"]

1. e4 e5 2. Nf3 Nc6 3. d4 exd4 4. Nxd4 Nf6 5. Nxc6 bxc6 6. e5 Qe7 7. Qe2 Nd5 8.
c4 Ba6 9. b3 O-O-O 10. Bb2 Re8 11. Qd2 Nf6 12. Be2 Ne4 13. Qd4 f5 14. Qxa7 Bb7
15. O-O Qh4 16. Qe3 Bc5 17. Bd4 Bxd4 18. Qxd4 c5 19. Qb2 Re6 20. Bf3 Rh6 21. h3
Rg6 22. Kh1 Kb8 23. Bxe4 fxe4 24. Nc3 Rf8 25. Nd5 Rf3 26. Kh2 Rxg2+ 0-1